000 00781cam a22001932 4500
001 0000024437
005 20151217155916.0
008 131022s xx 000 0 eng d
040 _aKABU
_cKABU
111 2 _aNational Biennial HIV and AIDS Scientific Research Conference
_cNairobi :
_d2013 May 6-9 :
_n2nd.
_@0000184554
245 1 0 _aSecond National Biennial HIV and AIDS Scientific Research Conference 6th - 9th May, 2013 Kenya School of Monetary Studies, Nairobi :
_b"accelerating progress towards zero".
250 _a1st ed.
260 _aNairobi :
_bNational Aids Control Council,
_c2013.
300 _a85 p.
650 0 _aAIDS (Disease)
_zKenya.
_@0000155790
852 1 _9p400 KES
908 _a131022
950 _@1
999 _c13943
_d13943